Library of the University of Algiers 3
Ibrahim Sultan Cheibout
شعار جامعة الجزائر 3
مكتبة جامعة الجزائر 3
إبراهيم سلطان شيبوط

حسابات الصكوك ومسؤولية المصارف : (رقم التسجيلة. 45638)

تفاصيل مارك
000 -LEADER
fixed length control field 00988nam a2200265Ia 4500
003 - CONTROL NUMBER IDENTIFIER
control field Ost
005 - DATE AND TIME OF LATEST TRANSACTION
control field 20260507075653.0
008 - FIXED-LENGTH DATA ELEMENTS--GENERAL INFORMATION
fixed length control field 260507s9999||||xx |||||||||||||| ||und||
020 ## - INTERNATIONAL STANDARD BOOK NUMBER
International Standard Book Number 2404119957
040 ## - CATALOGING SOURCE
Transcribing agency fsecg
041 ## - LANGUAGE CODE
Language code of text/sound track or separate title ara
082 ## - DEWEY DECIMAL CLASSIFICATION NUMBER
Classification number 346.096
100 ## - MAIN ENTRY--PERSONAL NAME
Personal name طوالبة، مؤيد حسن محمد
Relator term مؤلف
245 #0 - TITLE STATEMENT
Title حسابات الصكوك ومسؤولية المصارف :
Remainder of title الشيكات /
Statement of responsibility, etc. مؤيد حسن محمد طوالبة
260 ## - PUBLICATION, DISTRIBUTION, ETC.
Place of publication, distribution, etc. عمان:
Name of publisher, distributor, etc. دار وائل للنشر والتوزيع,
Date of publication, distribution, etc. 2004
300 ## - PHYSICAL DESCRIPTION
Extent 252 صفحة؛
Other physical details إيضاحات ؛
Dimensions 25 سم
504 ## - BIBLIOGRAPHY, ETC. NOTE
Bibliography, etc. note المراجع ص.239
520 ## - SUMMARY, ETC.
Summary, etc. مفهوم حساب الصكوك- أحكام حساب الصكوك- مسؤولية المصرف في ميدان حساب الصكوك.
653 ## - INDEX TERM--UNCONTROLLED
Uncontrolled term الأوراق التجارية
653 ## - INDEX TERM--UNCONTROLLED
Uncontrolled term السندات البنكية
653 ## - INDEX TERM--UNCONTROLLED
Uncontrolled term الشيكات
653 ## - INDEX TERM--UNCONTROLLED
Uncontrolled term الشيكات
653 ## - INDEX TERM--UNCONTROLLED
Uncontrolled term المصارف
942 ## - ADDED ENTRY ELEMENTS (KOHA)
Koha item type كتب

لا توجد مواد متاحة.

موارد الويب المفتوحة


© University of Algiers 3 All Rights Reserved
|
Implemented by LECHELAH Riad